000 00368nam a2200157Ia 4500
008 210210b1945 xxu||||| |||| 00| 0 eng d
041 _aeng
082 _a829/479
100 _aGREENFIELD (G)
245 _aDesert episode
260 _aLondon
_bMacmillan & Co. Ltd.
_c1945
650 _aepisode
650 _aDesert
690 _aEnglish Fiction
906 _a017082
999 _c137040
_d137040